Statistiques concernant "VIEUX" dans quelle langue?

Cliquez ici pour prendre le quiz!

Statistiques générales

  • Ce quiz a été pris 62 fois
  • Le résultat moyen est 8 sur 16

Statistiques - réponses

VIEUXLangue% Correct
AntiguoEspagnol
86%
AltAllemand
79%
StarýSlovaque / tchèque / polonais
72%
GammalSuédois
70%
VanhaFinnois
67%
StarSlovéne / serbe
58%
RégiHongrois
54%
OudNéerlandais
49%
EskiTurc
49%
SenasLituanien
44%
GamallIslandais
42%
VecsLetton
42%
VeterisLatin
37%
VellCatalan
18%
OuAfrikaans
11%
LumaTagalog /Philippin
2%

Distribution des résultats

Percentile par nombre de réponses

% des personnes avec chaque résultat

Votre développement - résultats

Vous n’avez pas pris ce quiz